<?xml version="1.0" encoding="UTF-8"?>
<record
    xmlns:xsi="http://www.w3.org/2001/XMLSchema-instance"
    xsi:schemaLocation="http://www.loc.gov/MARC21/slim http://www.loc.gov/standards/marcxml/schema/MARC21slim.xsd"
    xmlns="http://www.loc.gov/MARC21/slim">

  <leader>00626naa a22001817a 4500</leader>
  <controlfield tag="003">BPK</controlfield>
  <controlfield tag="005">20160321111925.0</controlfield>
  <controlfield tag="008">160321b1980    pl ||||| |||| 00| 0 pol  </controlfield>
  <datafield tag="040" ind1=" " ind2=" ">
    <subfield code="c">BPK</subfield>
  </datafield>
  <datafield tag="080" ind1=" " ind2=" ">
    <subfield code="a">001</subfield>
  </datafield>
  <datafield tag="100" ind1=" " ind2=" ">
    <subfield code="a">SADY, Wojciech.</subfield>
    <subfield code="d">1980 - 1982.</subfield>
    <subfield code="b">Wy&#x17C;sza Szko&#x142;a In&#x17C;ynierska w Koszalinie - Instytut Nauk Spo&#x142;ecznych,</subfield>
    <subfield code="c">Zak&#x142;ad Filozofii</subfield>
  </datafield>
  <datafield tag="245" ind1=" " ind2=" ">
    <subfield code="a">Co si&#x119; weryfikuje w do&#x15B;wiadczeniu? /</subfield>
    <subfield code="c">Wojciech Sady.</subfield>
  </datafield>
  <datafield tag="260" ind1=" " ind2=" ">
    <subfield code="c">1980.</subfield>
  </datafield>
  <datafield tag="500" ind1=" " ind2=" ">
    <subfield code="a">Dane z kartoteki bpp.</subfield>
  </datafield>
  <datafield tag="650" ind1=" " ind2="0">
    <subfield code="a">Nauka.</subfield>
  </datafield>
  <datafield tag="773" ind1=" " ind2=" ">
    <subfield code="i">W :</subfield>
    <subfield code="t">O swoisto&#x15B;ci uzasadniania wiedzy w r&#xF3;&#x17C;nych naukach. -</subfield>
    <subfield code="d">Pozna&#x144;, 1980. -</subfield>
    <subfield code="g">s. 37-50</subfield>
  </datafield>
  <datafield tag="942" ind1=" " ind2=" ">
    <subfield code="c">ART</subfield>
    <subfield code="2">UKD</subfield>
  </datafield>
  <datafield tag="999" ind1=" " ind2=" ">
    <subfield code="c">7602</subfield>
    <subfield code="d">7602</subfield>
  </datafield>
</record>
